=LDR 00000nam 2200000 4500 =001 NUTBA000000000000726 =005 20250429094558 =035 ##$$a 0010-031400000000725 =008 250429###########################0#ind## =020 ##$$a 978-602-17288-1-9 =040 ##$$a NBPDMAT =082 ##$$a 510 =090 ##$$a 510.7 Lis i =100 ##$$a Listya Nur Anggraeni =245 1#$$a Idola matematika smp kelas VII, VIII, IX /$c Listya Nur Anggraeni =260 ##$$a Jogjakarta :$b Trans Idea Publishing,$c 2013 =300 ##$$a 225 hlm : $b ilus ; $c 12 x 19 cm =650 #4$$a Matematika - Penunjang Pelajaran =850 ##$$a NBPDMAT =084 ##$$a 510 LIS i =250 ##$$a cet.1 =990 ##$$a 92136/BPAP-NTB/2014 =990 ##$$a 21400613/BPAP-NTB/20142014